000 00629nam a22002057a 4500
005 20251108173029.0
008 250721s2002 xx 000 0 ara d
082 1 4 _a382/إقت
100 1 _aداود، حسام علي
245 1 0 _aإقتصاديات التجارة الخارجية /
264 1 _aعمان :
_bدار المسيرة للنشر،
_c2002.
300 _a200ص
650 1 7 _aالإقتصاد
650 1 7 _aالتجارة الخارجية
700 1 _aأبو خضير، أيمن
700 1 _aالهزايمة، أحمد
700 1 _aصوفان، عبد الله
942 _2ddc
_cBK
999 _c94432
_d94432